Mapping Jordan through two millennia /

Saved in:

Main Author: Bartlett, John R. (Author)

Corporate Author: Palestine Exploration Fund.

Format: Book

Language: English

Published: Leeds, UK : Maney, 2008.

Series: Palestine Exploration Fund annual ; 10.
PEFA ; 10.

Subjects:

Tags: Add Tag

No Tags, Be the first to tag this record!

Call Number: DS111 .A1 P28 v.10

LEADER 01534namaa2200301 4500
003 OSt
005 20260505091938.0
008 130303s2008 enkbf b 001 0 eng d
020 |a 9781905981403 
040 |c ARCE Library 
043 |a a-jo--- 
050 4 |a DS111 .A1 P28 v.10 
100 1 |a Bartlett, John R.,   |q (John Raymond),   |e author 
245 1 0 |a Mapping Jordan through two millennia /  |c John R. Bartlett. 
264 1 |a Leeds, UK :  |b Maney,  |c 2008. 
300 |a xi,163 pages, 16 pages of plates :  |b maps (some color) ;  |c 29 cm. 
490 1 |a Palestine Exploration Fund annual ;   |v 10. 
490 1 |a PEFA ;   |v 10. 
504 |a Includes bibliographical references (pages [147]-155) and index. 
505 0 |a Western knowledge of the Transjordan region in the first millennium AD -- Medieval scholars, travellers and mapmakers -- The first printed maps -- Jacob Ziegler : Quae intus continentur and Terrae sanctae-- descriptio -- The sixteenth-century cartographers -- Seventeenth-century publications -- John Speed and Thomas Fuller -- Seventeenth- and eighteenth-century travellers in Transjordan and their maps -- Nineteenth-century exploration and mapping of Transjordan -- The triangulation of Transjordan -- The modern identification of ancient sites. 
650 0 |a Cartography  |z Jordan. 
651 0 |a Jordan  |x Historical geography. 
710 2 |a Palestine Exploration Fund. 
830 0 |a Palestine Exploration Fund annual ;   |v 10. 
830 0 |a PEFA ;   |v 10. 
901 |a reviewed 
942 |c BK  |2 lcc 
999 |c 6002  |d 6002